000 00290nam a22001337a 4500
008 170802b xxu||||| |||| 00| 0 eng d
020 _a9780442264222
041 _aeng
080 _23RD
_a004
100 _a32
101 _aSHK
245 _aRUBBER TECHNOLOGY
_cMORTON.M
942 _2udc
_cBK
999 _c22510
_d22510